|
|
|
|
| LEADER |
00938nam a2200241 4500 |
| 001 |
c000175088 |
| 003 |
CARM |
| 005 |
20040506185532.0 |
| 008 |
810820s1908 enk 000 0 eng c |
| 010 |
|
|
|a e 08000336
|
| 019 |
1 |
|
|a 25517557
|5 LACONCORD2021
|
| 035 |
|
|
|a (OCoLC)7685811
|5 LACONCORD2021
|
| 040 |
|
|
|a VU
|b eng
|c EZN
|d TQG
|d CGU
|d CStRLIN
|d VU
|
| 100 |
1 |
|
|a Hartog, Philip Joseph,
|c Sir,
|d 1864-1947.
|
| 245 |
1 |
4 |
|a The writing of English,
|c by Philip J. Hartog ... with the assistance of Mrs. Amy H. Langdon.
|
| 250 |
|
|
|a 2d ed.
|
| 260 |
|
|
|a Oxford,
|b The Clarendon press,
|c 1908.
|
| 300 |
|
|
|a 164 p.
|c 20 cm.
|
| 650 |
|
0 |
|a English language
|x Composition and exercises.
|
| 700 |
1 |
|
|a Langdon, Amy H.,.
|
| 852 |
8 |
|
|b CARM
|h A2:AI35H0
|i A02929
|p 0239116
|f BK
|
| 999 |
f |
f |
|i cb312d51-e23f-52f6-ba6e-51f11f8b829a
|s 82b6d05e-7845-558d-80cb-4ea0cea1a5b5
|
| 952 |
f |
f |
|p Can circulate
|a CAVAL
|b CAVAL
|c CAVAL
|d CARM 1 Store
|e A02929
|f A2:AI35H0
|h Other scheme
|i book
|m 0239116
|